| 000 | 00475nam a2200181Ia 4500 | ||
|---|---|---|---|
| 001 | 9485 | ||
| 005 | 20260306161722.0 | ||
| 008 | 260306t2014||||xx |||||||||||||| ||spa|| | ||
| 041 | _aESP | ||
| 082 |
_a379.158 _bS25 |
||
| 100 |
_aSantos Guerra, Miguel Ángel _eAUT |
||
| 245 | 0 |
_aLa evaluación como aprendizaje: _bcuando la flecha impacta en la diana |
|
| 260 | _c2014 | ||
| 300 |
_a173 páginas : _c21 cm. |
||
| 650 | _aGEN | ||
| 654 | _aCED | ||
| 942 |
_cLIB _dJUS _fJUS _2ddc _n |
||
| 999 |
_c9485 _d9485 |
||